00853pam a2200277 a 450000500170000000800410001702000150005804000180007304100080009104400080009908200210010710000280012824500470015625000220020326000530022530000440027850000220032250400420034450500300038650500320041650500340044865000160048265000180049865000300051665000290054620200104041513.0830707s1984 njua b 001 0 eng  a0130779253 aDLCcDLCdDLC0 aeng axxu04a570.15195bZ36b11 aZar, Jerrold H.,d1941-10aBiostatistical analysis /cJerrold H. Zar. aSegunda edición aEnglewood Cliffs, N.J. :bPrentice-Hall,cc1984. a3 tomos :bilustraciones ;c23 x 33 cm. aIncluye índice. aIncluye referencias bibliográficas.0 aVol. 1: Capitulo 1 al 13 0 aVol. 2: Capitulos 14 al 25 0 aVol. 3: Apendice A y B tablas26aBiometría26aEstadística24aEstadística descriptiva24aEstadística univariada